| 000 | 00629nam a2200181Ia 4500 | ||
|---|---|---|---|
| 003 | GCL | ||
| 008 | 140319s9999 xx 000 0 ara d | ||
| 040 |
_aGCL / _cGCL |
||
| 082 | 0 | 4 |
_a810.9962 _bح م |
| 100 | 1 | _aحلمى محمد القاعود | |
| 245 | 1 | 0 |
_aموسم البحث عن هوية: دراسات فى الرواية والقصة / _cحلمى محمد القاعود |
| 260 |
_a[S.N] : _bالهيئة المصرية العامة للكتاب ، _c1986 |
||
| 300 | _a167 ص | ||
| 490 |
_aدراسات ادبية _v0 |
||
| 650 | 0 | 4 | _aالادب العربى |
| 650 | 0 | 4 | _aالقصة العربية |
| 942 |
_2ddc _cBK |
||
| 999 |
_c29584 _d29584 |
||